Acta Facultatis Iuridicae Universitatis Comenianae

Guardado en:
Detalles Bibliográficos
Autor Corporativo: Univerzita Komenského v Bratislave. Právnická fakulta
Otros Autores: Škultéty, Peter
Formato: Libro
Lenguaje:eslovaco
checo
polaco
Publicado: Bratislava Univerzita Komenského v Bratislave 2006
Materias:
Etiquetas: Agregar Etiqueta
Sin Etiquetas, Sea el primero en etiquetar este registro!

MARC

LEADER 00000nam$a2200000$$$4500
001 0055127
005 20250813094857.4
020 |a 80-223-2236-9 
041 0 |a slo 
041 0 |a cze 
041 0 |a pol 
044 |a SK 
245 1 0 |a Acta Facultatis Iuridicae Universitatis Comenianae  |c vedecký redaktor Peter Škultéty 
264 1 |a Bratislava  |b Univerzita Komenského v Bratislave  |c 2006 
300 |a 329 s. 
500 |a Od s. 146 sú príspevky z vedeckej konferencie "Ochrana prírody a krajiny v právnej teórii a praxi", ktorá sa konala 7.-8.9.2004 vo Varíne 
610 2 0 |a právo 
610 2 0 |a úpravy právne 
610 2 0 |a dražby 
610 2 0 |a konkurencia 
610 2 0 |a liberalizmus 
610 2 0 |a členenie územné administratívne 
610 2 0 |a subjektivita právna 
610 2 0 |a spoločnosti obchodné 
610 2 0 |a spoločníci 
610 2 0 |a právo obchodné 
610 2 0 |a papiere cenné 
610 2 0 |a spoločnosti s r.o. 
610 2 0 |a spoločnosti komanditné 
610 2 0 |a vzťahy právne 
610 2 0 |a prostredie životné 
610 2 0 |a ochrana prostredia životného 
700 1 |a Škultéty, Peter 
710 2 |a Univerzita Komenského v Bratislave. Právnická fakulta